01139nab a22002177a 4500999001500000003000400015005001700019008004100036040000700077100003400084245012200118300001300240505032700253505007200580650002800652650005800680650003800738650002800776773010400804942001300908 c5770d5770OSt20260105214108.0190514b xxu||||| |||| 00| 0 spa d cPJ 96685aMartino, Bettina Andrea10aNiñas, niños y adolescentes frente a los discursos de odio en redes sociales digitales /cBettina Andrea Martino. ap. 49-58 aSumario: I. Introducción.— II. Caracterización general de los discursos de odio.— III. Odio digital.— IV. La deshumanización y la propagación del odio en los espacios digitales: algunos apuntes.— V. Niñas, niños y adolescentes: propuestas para pensar sobre los discursos de odio en las redes sociales.  tSi te interesa el texto, comunicate a koha@justierradelfuego.gov.ar 09967aDERECHO DE FAMILIA 092741aDERECHOS DE LAS NIÑAS, NIÑOS Y ADOLESCENTES 0aTECNOLOGIA DE LA INFORMACION9289 0aVIOLENCIA DIGITAL965280 0284493222dBuenos Aires : AbeledoPerrot, 1989-tDerecho de familia. N° 113 - Marzo 2024z18511201 2udccANA